000 00854cam a22002778a 4500
008
020 _a9780443101649 (pbk.)
049 _aMAIN
090 _aR837.A2
_bDOR
100 1 _aDornan, Tim.
245 1 0 _aCore clinical skills for OSCEs in medicine /
_cTim Dornan and Paul O'Neill.
250 _a2nd ed.
260 _aEdinburgh :
_bChurchill Livingstone,
_c2006.
300 _axvi, 369 p. ;
_c24 cm.
500 _aIncludes index.
650 0 _aClinical competence.
650 0 _aClinical medicine
_xAbility testing.
650 0 _aClinical medicine
_vExaminations, questions, etc.
650 1 2 _aClinical Medicine
_xmethods.
700 1 _aO'Neill, Paul,
_cMD.
907 _a.b10240457
_b26-04-12
_c24-04-07
003
005 20230120203946.0
040 _cNUST
942 _cBOOKS
_kR837.A2
_mDOR
999 _c114605
_d114605